Statistiques concernant Pays les plus proches de l'Albanie - sprint d'une minute

Cliquez ici pour prendre le quiz!

Statistiques générales

  • Ce quiz a été pris 148 fois
  • Le résultat moyen est 14 sur 20

Statistiques - réponses

kmpays% Correct
0Kosovo
97%
0Grèce
96%
38Serbie
94%
0Monténégro
93%
70Croatie
92%
0Macédoine
du Nord
91%
73Italie
89%
467Slovénie
80%
76Bosnie-
Herzégovine
78%
148Bulgarie
78%
266Roumanie
71%
420Turquie
69%
357Hongrie
61%
574Slovaquie
57%
532Autriche
55%
638Malte
37%
698Tchéquie
36%
587Saint-Marin
34%
640Ukraine
32%
570Vatican
32%

Distribution des résultats

Percentile par nombre de réponses

% des personnes avec chaque résultat

Votre développement - résultats

Vous n’avez pas pris ce quiz